Statistics for Země podle písmene - D

Click here to take the quiz!

General Stats

  • This quiz has been taken 84 times
  • The average score is 3 of 5

Answer Stats

Stát% Correct
Dánsko
100%
Dominika
71%
Dominikánská republika
63%
Džibutsko
57%
Demokratická republika Kongo
49%

Score Distribution

Percentile by Number Answered

Percent of People with Each Score

Your Score History

You have not taken this quiz